| 000 | 00778nam a2200265I 4500 | ||
|---|---|---|---|
| 001 | 28672 | ||
| 003 | BD-RjUL | ||
| 005 | 20211209051320.0 | ||
| 008 | 140331s1948 e 1 eng d | ||
| 035 | _a(BD-RjUL)28754 | ||
| 040 |
_cCWR _dBD-RjUL _aBD-RjUL _beng |
||
| 041 | _aeng | ||
| 082 |
_a954 _bPHI 1948 |
||
| 090 |
_aDS437 _bF49 |
||
| 100 | 1 |
_aPhilips, C. H. _q(Cyril Henry), _d1912- _979097 |
|
| 245 | 1 | 0 | _aIndia / |
| 260 |
_aLondon ; _aNew York : _bHutchinson's University Library, _c1948. |
||
| 300 |
_a[4] 176 p. ; _c19 cm. |
||
| 490 | 0 | _aHutchinson's university library: British Empire history. | |
| 504 | _aIncludes Bibliography: p. 170-171 and index. | ||
| 650 |
_aIndia _987746 |
||
| 651 | 0 |
_aIndia _xHistory. _987747 |
|
| 942 |
_2ddc _cBK |
||
| 999 |
_c28672 _d28672 |
||